000 00358 a2200169 4500
001 171900
020 _a85-209-0273-1
040 _cMagnum
100 _aLouzeiro, José
240 1 0 _aRitinha temporal
_lpor
245 1 0 _aRitinha temporal
300 _a208
362 0 _a1991
440 1 _aNova Fronteira
697 _aLITERATURA JUVENIL
942 _cBK
999 _c171900
_d171900